Producto final de investigación: artículo titulado. Presupuestos metodológicos de la comprensión hermenéutica: una perspectiva psicoanalítica y socio-histórica
Uloženo v:
| Hlavní autor: | |
|---|---|
| Médium: | Text |
| Vydáno: |
San José:
UCR. FCS. IIS
|
| Témata: | |
| Tagy: |
Přidat tag
Žádné tagy, Buďte první, kdo vytvoří štítek k tomuto záznamu!
|
MARC
| LEADER | 00000 a a2200000 04500 | ||
|---|---|---|---|
| 001 | 28842 | ||
| 003 | |||
| 040 | |||
| 090 | |a 189900 | ||
| 100 | |a Hidalgo Xirinachs, Roxana | ||
| 245 | |a Producto final de investigación: artículo titulado. Presupuestos metodológicos de la comprensión hermenéutica: una perspectiva psicoanalítica y socio-histórica | ||
| 260 | |a San José: |b UCR. FCS. IIS | ||
| 300 | |a 27 p | ||
| 650 | |a PSICOANALISIS | ||
| 650 | |a LITERATURA | ||
| 650 | |a METODOS DE INVESTIGACION | ||
| 999 | |c 13573 |d 13573 | ||
